| 000 | 00926nam a2200265 i 4500 | ||
|---|---|---|---|
| 001 | 000009233 | ||
| 003 | DO-SdBNP | ||
| 005 | 20260527140433.0 | ||
| 007 | ta | ||
| 008 | 090929s1935 cu 000 p spa d | ||
| 040 |
_aDO-SdBNP _bspa _cBNPHU _erda |
||
| 041 | _aspa | ||
| 082 | 4 |
_aRD861.3 _bF438b _222 |
|
| 100 | 1 |
_aFiallo, Fabio, _d1866-1942 _934816 _eautor _4aut. |
|
| 245 | 1 | 3 |
_aEl balcón de psiquis / _cFabio Fiallo ; prólogo Camila Henríquez Ureña ; estudio crítico de Ana María Garasino. |
| 264 |
_aHabana : _bCultural, _c1935. |
||
| 300 |
_a138 páginas ; _c22 cm. |
||
| 600 | 1 | 4 |
_aFiallo, Fabio, _d1866-1942 _xCrítica e interpretación _928220 _2LEMB |
| 650 | 4 |
_aPoesía dominicana _966 |
|
| 650 | 4 |
_aLiteratura dominicana _967 _2LEMNB |
|
| 700 | 1 |
_aHenríquez Ureña, Camila, _eprologuista _923480 _4pr. |
|
| 700 | 1 | 2 |
_aGarasino, Ana María _922401 |
| 910 | _aValidado. Control de calidad MFF | ||
| 942 |
_2ddc _cLBS1 |
||
| 999 |
_c8996 _d8996 |
||